[Event "XXVIII Festival A"]
[Site "Arco ITA"]
[Date "2006.10.24"]
[Round "4"]
[White "Friedrich, Norbert"]
[Black "Cracco, Pietro"]
[Result "1-0"]
[WhiteElo "2309"]
[BlackElo "2039"]
[PlyCount "87"]
[EventDate "2006.10.21"]

1. e4 e6 2. d4 d5 3. Nc3 Bb4 4. e5 c5 5. Bd2 Ne7 6. Nb5 Bxd2+ 7. Qxd2 O-O 8. c3
cxd4 9. cxd4 Nbc6 10. f4 f6 11. exf6 Rxf6 12. Nf3 a6 13. Nc3 Qf8 14. g3 Nf5 15.
Bd3 Ncxd4 16. Nxd4 Nxd4 17. Bxh7+ Kxh7 18. Qxd4 Bd7 19. O-O Qf7 20. Rae1 Rc8
21. Re5 Rf5 22. Qd3 Kg8 23. Rxf5 Qxf5 24. Qxf5 exf5 25. Rd1 Be6 26. Kf2 Kf7 27.
Ke3 Ke7 28. Nxd5+ Bxd5 29. Rxd5 Rc2 30. Rd2 Rc4 31. Kd3 Rc6 32. Rc2 Rd6+ 33.
Ke3 Kf6 34. Rc7 Rb6 35. b3 Rb4 36. h4 a5 37. Kd3 g6 38. Rc5 a4 39. Rc4 Rxc4 40.
Kxc4 axb3 41. axb3 Ke6 42. Kc5 Kd7 43. Kd5 Kc7 44. Ke5 1-0

[Event "XXVIII Festival A"]
[Site "Arco ITA"]
[Date "2006.10.24"]
[Round "4"]
[White "Geske, Julian"]
[Black "De Nisi, Mario"]
[Result "1-0"]
[WhiteElo "2148"]
[BlackElo "1961"]
[PlyCount "121"]
[EventDate "2006.10.21"]

1. e4 e6 2. d4 d5 3. Nd2 Nf6 4. e5 Nfd7 5. c3 c5 6. Bd3 Nc6 7. Ne2 Qb6 8. Nf3
cxd4 9. cxd4 Be7 10. O-O f6 11. exf6 Nxf6 12. b3 O-O 13. Bf4 Bd7 14. Re1 Nb4
15. Bb1 Rac8 16. Bg3 Ne4 17. a3 Nc6 18. Bxe4 dxe4 19. Ne5 Nxe5 20. Bxe5 Bg5 21.
Ng3 e3 22. fxe3 Rc3 23. Qg4 Bf6 24. Ne4 Bxe5 25. Nxc3 h5 26. Qxh5 Bxd4 27. exd4
Qxd4+ 28. Kh1 Qxc3 29. Rf1 Rf5 30. Qh4 Bc6 31. Qc4 Qf6 32. Rxf5 Qxf5 33. Rf1
Qg6 34. Qe2 a6 35. Qf2 Bd5 36. b4 Kh8 37. Rc1 Bc6 38. h3 Kg8 39. Rf1 Bd5 40.
Kh2 Kh8 41. Qg3 Qe8 42. Rf4 Kg8 43. h4 Bc6 44. Rg4 Qf7 45. Rg5 Bd5 46. Qe5 Qe7
47. Rg4 Qf7 48. h5 Kh7 49. Qg5 Qc7+ 50. Kh3 Qc3+ 51. Rg3 Qd4 52. h6 Be4 53.
Qxg7+ Qxg7 54. hxg7 Kg8 55. Rg5 Bc6 56. Kg4 Bxg2 57. Kf4 Bc6 58. Ke5 Bd5 59.
Kf6 Be4 60. Rh5 Bh7 61. Rxh7 1-0

[Event "XXVIII Festival A"]
[Site "Arco ITA"]
[Date "2006.10.24"]
[Round "4"]
[White "Giaracuni, Claudio"]
[Black "Bossoni, Mario"]
[Result "0-1"]
[WhiteElo "1652"]
[BlackElo "1970"]
[PlyCount "100"]
[EventDate "2006.10.21"]

1. e4 c5 2. Nf3 e6 3. d4 cxd4 4. Nxd4 Nf6 5. Nc3 d6 6. Be2 Nc6 7. Be3 Be7 8.
O-O O-O 9. Kh1 a6 10. Qd2 Bd7 11. f4 b5 12. a3 Rc8 13. Rad1 Nxd4 14. Bxd4 Bc6
15. Bf3 Nd7 16. f5 e5 17. Be3 Nb6 18. b3 Bb7 19. Bg4 f6 20. Bxb6 Qxb6 21. Nd5
Bxd5 22. Qxd5+ Kh8 23. Qe6 Qb7 24. Rd2 Rc7 25. Bf3 Rfc8 26. Rff2 Qb6 27. b4 Qe3
28. h3 Qxa3 29. Qb3 Qxb3 30. cxb3 Rc3 31. Rb2 Kg8 32. Kh2 d5 33. exd5 Bd6 34.
Be4 Bxb4 35. Rfc2 Rxc2 36. Rxc2 Rxc2 37. Bxc2 Kf7 38. Kg1 Ke7 39. Kf2 Kd6 40.
Be4 Kc5 41. Ke3 a5 42. Bd3 a4 43. bxa4 bxa4 44. Bc2 a3 45. Bb3 Ba5 46. Kd3 Bc7
47. g4 Kb4 48. Ba2 Bd6 49. h4 h6 50. Ke2 Kc3 0-1

[Event "XXVIII Festival A"]
[Site "Arco ITA"]
[Date "2006.10.24"]
[Round "4"]
[White "Happel, Hendrik A."]
[Black "Dittmar, Peter"]
[Result "0-1"]
[WhiteElo "2213"]
[BlackElo "2365"]
[PlyCount "82"]
[EventDate "2006.10.21"]

1. d4 d5 2. c4 dxc4 3. Nf3 Nf6 4. e3 Bg4 5. Bxc4 e6 6. O-O Nbd7 7. Nc3 Bd6 8.
e4 e5 9. d5 O-O 10. Be2 Bh5 11. Nd2 Bg6 12. Bf3 Ne8 13. Qe2 Qe7 14. Bg4 Ndf6
15. Nc4 Bc5 16. Bg5 Nd6 17. Rad1 h6 18. Bh4 Bh7 19. Nxd6 cxd6 20. Kh1 g5 21.
Bg3 Nxg4 22. Qxg4 f5 23. exf5 Bxf5 24. Qh5 Kg7 25. Rfe1 Qd7 26. Qe2 Rae8 27. f3
a6 28. Ne4 Bxe4 29. Qxe4 Bd4 30. Re2 Rc8 31. Rc2 Rxc2 32. Qxc2 Rc8 33. Qd2 Qf5
34. Rc1 Qd3 35. Qe1 Rc2 36. h4 Bc5 37. Bxe5+ dxe5 38. Qxe5+ Kf7 39. Qc7+ Kg6
40. Re1 Qxd5 41. Qc8 Re2 0-1

[Event "XXVIII Festival A"]
[Site "Arco ITA"]
[Date "2006.10.24"]
[Round "4"]
[White "Heinig, Wolfram"]
[Black "Trauth, Michael"]
[Result "1-0"]
[WhiteElo "2364"]
[BlackElo "2153"]
[PlyCount "107"]
[EventDate "2006.10.21"]

1. d4 Nf6 2. c4 c5 3. Nf3 cxd4 4. Nxd4 e5 5. Nb5 d5 6. cxd5 Qa5+ 7. N5c3 b5 8.
Nd2 b4 9. Nb3 Qb6 10. Be3 Qa6 11. Nb1 Nbd7 12. f3 Qd6 13. Bf2 Qxd5 14. Qxd5
Nxd5 15. e4 Nf4 16. N1d2 Be7 17. Nc4 O-O 18. Rd1 f6 19. g3 Ne6 20. Nd6 Nb6 21.
Bxb6 axb6 22. Bc4 Bxd6 23. Rxd6 Kf7 24. O-O Rb8 25. Rfd1 Ke7 26. Rc6 Rd8 27.
Rxd8 Nxd8 28. Rc7+ Bd7 29. Bd5 Kd6 30. Rc4 Rc8 31. Rxb4 b5 32. Nd2 Rc2 33. Nf1
Bh3 34. Ne3 Rd2 35. Rb3 Kc5 36. g4 g6 37. Rc3+ Kb6 38. Bb3 Nc6 39. Nd5+ Kb7 40.
Rc2 Rxc2 41. Bxc2 Nd4 42. Bd1 f5 43. exf5 gxf5 44. Kf2 h6 45. Ne3 f4 46. Nc2
Nxc2 47. Bxc2 Kc6 48. Bd3 Kc5 49. Bf1 Bxf1 50. Kxf1 Kd4 51. Ke2 e4 52. fxe4
Kxe4 53. a3 Kd4 54. b3 1-0

[Event "XXVIII Festival A"]
[Site "Arco ITA"]
[Date "2006.10.24"]
[Round "4"]
[White "Huettemann, Ralf"]
[Black "Dalponte, Dino"]
[Result "1-0"]
[WhiteElo "1949"]
[BlackElo "2140"]
[PlyCount "47"]
[EventDate "2006.10.21"]

1. e4 d6 2. d4 Nf6 3. Bd3 c6 4. f4 e5 5. Nf3 exd4 6. O-O Bg4 7. c3 dxc3 8. Nxc3
Be7 9. h3 Bxf3 10. Qxf3 Qb6+ 11. Be3 Qxb2 12. Rfc1 Qa3 13. Rab1 O-O 14. Rxb7 d5
15. exd5 Bc5 16. Rc2 Bb4 17. Bd4 Bc5 18. Ne2 Bxd4+ 19. Nxd4 Qd6 20. Nf5 Qd8 21.
dxc6 Qe8 22. Re7 Qc8 23. c7 Nbd7 24. Nd6 1-0

[Event "XXVIII Festival A"]
[Site "Arco ITA"]
[Date "2006.10.24"]
[Round "4"]
[White "Idili, Leonardo"]
[Black "Samarian, Cornel"]
[Result "1/2-1/2"]
[WhiteElo "1710"]
[BlackElo "1937"]
[PlyCount "37"]
[EventDate "2006.10.21"]

1. d4 Nf6 2. c4 e6 3. Nc3 d5 4. cxd5 exd5 5. Nf3 Be7 6. Bg5 c6 7. e3 O-O 8. Bd3
h6 9. Bh4 Be6 10. h3 Nh7 11. Bxe7 Qxe7 12. O-O Nd7 13. a3 Rfe8 14. Rc1 Rac8 15.
Na4 Nhf8 16. Nc5 Nxc5 17. dxc5 Rc7 18. Nd4 Qf6 19. Qf3 1/2-1/2

[Event "XXVIII Festival A"]
[Site "Arco ITA"]
[Date "2006.10.24"]
[Round "4"]
[White "Kaserer, Hans-Peter"]
[Black "Pedrotti, Luciano"]
[Result "1-0"]
[WhiteElo "1989"]
[BlackElo "1902"]
[PlyCount "101"]
[EventDate "2006.10.21"]

1. d4 Nf6 2. c4 e6 3. Nc3 Bb4 4. Qc2 O-O 5. Bg5 d6 6. Nf3 Nbd7 7. e3 b6 8. Bd3
h6 9. Bh4 Bb7 10. O-O Bxc3 11. Qxc3 c5 12. Nd2 d5 13. b3 dxc4 14. bxc4 cxd4 15.
exd4 Rc8 16. Qa3 Qc7 17. Bg3 Qc6 18. f3 Ra8 19. Rac1 Nh5 20. Be4 Qc8 21. Bd6
Re8 22. c5 Bxe4 23. Nxe4 bxc5 24. dxc5 Qc6 25. Qb3 Nhf6 26. Nxf6+ Nxf6 27. a4
Rec8 28. Rfd1 Nd5 29. Rb1 a6 30. Rd4 Ra7 31. Qb2 Ne7 32. Rg4 Ng6 33. h4 h5 34.
Rg5 Qxa4 35. Rxh5 f6 36. Qe2 Kf7 37. g3 Rd7 38. Qb2 Qc6 39. Kg2 a5 40. Qb3 Qa6
41. Qa2 a4 42. f4 Qa8+ 43. Kh2 Qe4 44. Rb2 Re8 45. f5 Nf8 46. Bxf8 Kxf8 47. Re2
Qg4 48. Rh8+ Kf7 49. Rxe8 Kxe8 50. Qxe6+ Kd8 51. Qb6+ 1-0

[Event "XXVIII Festival A"]
[Site "Arco ITA"]
[Date "2006.10.24"]
[Round "4"]
[White "Knors, Rudi"]
[Black "Luciani, Valerio"]
[Result "1-0"]
[WhiteElo "2071"]
[BlackElo "2229"]
[PlyCount "109"]
[EventDate "2006.10.21"]

1. d4 f5 2. Nf3 Nf6 3. g3 g6 4. Bg2 Bg7 5. O-O O-O 6. c4 d6 7. Nc3 c6 8. Qc2
Nh5 9. d5 e5 10. dxe6 Bxe6 11. b3 Na6 12. Bb2 Qe7 13. Rad1 Rad8 14. Nd4 Bf7 15.
Rfe1 Rfe8 16. a3 Nc7 17. Na4 d5 18. cxd5 Bxd5 19. Nc5 Bxg2 20. Kxg2 Nd5 21. e3
Bf6 22. b4 Ng7 23. b5 cxb5 24. e4 fxe4 25. Nxe4 Qf7 26. Nxb5 Rxe4 27. Rxe4 Bxb2
28. Qxb2 Ne3+ 29. Rxe3 Rxd1 30. Qe5 Nf5 31. Rc3 Qd5+ 32. Qxd5+ Rxd5 33. Rc8+
Kg7 34. Rc7+ Kf6 35. Rxb7 h5 36. h4 a5 37. Rb6+ Kf7 38. a4 Nd4 39. Nd6+ Kg7 40.
Rb7+ Kf6 41. Nc4 Ne2 42. Rb6+ Kf7 43. Rc6 Nd4 44. Ra6 Nb3 45. f4 Kg7 46. Ne5
Rd2+ 47. Kf3 Ra2 48. Rxg6+ Kh7 49. Rg5 Nd2+ 50. Ke3 Kh6 51. f5 Nf1+ 52. Ke4
Rxa4+ 53. Kd5 Ne3+ 54. Kc5 Re4 55. f6 1-0

[Event "XXVIII Festival A"]
[Site "Arco ITA"]
[Date "2006.10.24"]
[Round "4"]
[White "Kranebitter, Gerhard"]
[Black "Del Nevo, Claudio"]
[Result "1/2-1/2"]
[WhiteElo "2091"]
[BlackElo "1917"]
[PlyCount "55"]
[EventDate "2006.10.21"]

1. e4 d6 2. d4 Nf6 3. Nc3 g6 4. Be2 Bg7 5. h4 h5 6. Nh3 c6 7. Ng5 Nbd7 8. e5
dxe5 9. dxe5 Nd5 10. Nxd5 cxd5 11. e6 Ne5 12. exf7+ Nxf7 13. Bb5+ Kf8 14. Bd3
Nxg5 15. hxg5 Qd6 16. c3 Bg4 17. Qc2 Qe5+ 18. Kf1 Bf5 19. Rh4 Bxd3+ 20. Qxd3
Qd6 21. Rb4 b6 22. Bf4 e5 23. Bh2 Qe6 24. Rd1 Rd8 25. Rb5 d4 26. cxd4 Rxd4 27.
Qf3+ Kg8 28. Rxd4 1/2-1/2

[Event "XXVIII Festival A"]
[Site "Arco ITA"]
[Date "2006.10.24"]
[Round "4"]
[White "Loi, Andrea"]
[Black "Hackbarth, Wolfgang"]
[Result "0-1"]
[WhiteElo "2069"]
[BlackElo "2137"]
[PlyCount "52"]
[EventDate "2006.10.21"]

1. d4 Nf6 2. c4 g6 3. Nc3 Bg7 4. e4 d6 5. f3 O-O 6. Be3 Nbd7 7. Qd2 c5 8. d5 a6
9. Bd3 Ne5 10. Nge2 e6 11. O-O exd5 12. cxd5 b5 13. a3 Nfd7 14. Rab1 Nxd3 15.
Qxd3 Ne5 16. Qc2 Bb7 17. b4 Nc4 18. Bc1 Rc8 19. Qd3 Ne5 20. Qc2 Qb6 21. Kh1 Rc7
22. Qa2 cxb4 23. Rxb4 Nd3 24. Rb3 Nf2+ 25. Kg1 Nxe4+ 26. Kh1 Nxc3 0-1

[Event "XXVIII Festival A"]
[Site "Arco ITA"]
[Date "2006.10.24"]
[Round "4"]
[White "Luciani, Carlo"]
[Black "Tomassoni, Leonardo"]
[Result "1-0"]
[WhiteElo "2236"]
[BlackElo "2020"]
[PlyCount "119"]
[EventDate "2006.10.21"]

1. e4 c5 2. Nf3 d6 3. d4 cxd4 4. Nxd4 Nf6 5. Nc3 a6 6. Be2 e5 7. Nb3 Be7 8. g4
Be6 9. g5 Nfd7 10. Rg1 Nc6 11. Be3 Nc5 12. Qd2 b5 13. Bf3 O-O 14. Nd5 a5 15.
Rd1 a4 16. Nc1 Bxd5 17. Qxd5 Nb4 18. Qd2 Nc6 19. Ne2 b4 20. h4 g6 21. h5 Ne6
22. c3 Rb8 23. Qd5 Qe8 24. hxg6 hxg6 25. Ng3 bxc3 26. bxc3 Ncd8 27. Nf5 Nc7 28.
Nxe7+ Qxe7 29. Qxd6 Qxd6 30. Rxd6 Rb2 31. Rd2 Rb1+ 32. Rd1 Rb2 33. Bc5 Re8 34.
a3 Nde6 35. Bd6 Rb5 36. Be2 Ra5 37. Rb1 Rd8 38. Be7 Rc8 39. Bg4 Ra6 40. Rb7 Ne8
41. Bb4 Rd8 42. Be2 Raa8 43. Bc4 Nd6 44. Bxd6 Rxd6 45. Bd5 Rc8 46. Rg3 Rc7 47.
Rb8+ Rd8 48. Rxd8+ Nxd8 49. Rd3 Nb7 50. Bxb7 Rxb7 51. c4 Rc7 52. Rc3 Rc5 53.
Kd2 Kg7 54. Rc2 Kf8 55. Kc3 Rc7 56. Kb4 Ra7 57. Kb5 Ke8 58. c5 Kd8 59. Rd2+ Kc8
60. Rd5 1-0

[Event "XXVIII Festival A"]
[Site "Arco ITA"]
[Date "2006.10.24"]
[Round "4"]
[White "Ludovici, Roberto"]
[Black "Bernardi, Ruben"]
[Result "0-1"]
[WhiteElo "1774"]
[BlackElo "2114"]
[PlyCount "90"]
[EventDate "2006.10.21"]

1. d4 d5 2. Nf3 Nf6 3. e3 c6 4. c4 a6 5. Nc3 b5 6. c5 Bg4 7. Be2 Nbd7 8. h3
Bxf3 9. Bxf3 a5 10. O-O e5 11. Be2 b4 12. Na4 Ne4 13. Bf3 Nef6 14. Re1 e4 15.
Be2 Be7 16. f3 exf3 17. Bxf3 O-O 18. e4 dxe4 19. Bxe4 Nxe4 20. Rxe4 Nf6 21. Re1
Nd5 22. Qf3 Bf6 23. Re4 Re8 24. b3 Rxe4 25. Qxe4 Nc3 26. Nxc3 Qxd4+ 27. Qxd4
Bxd4+ 28. Kf1 Bxc3 29. Rb1 Rd8 30. Be3 f5 31. Ke2 Kf7 32. Rf1 Ke6 33. Rf4 g5
34. Rc4 f4 35. Bc1 Kd5 36. Kf3 Re8 37. h4 Re1 38. Bxf4 Rf1+ 39. Kg4 Rxf4+ 40.
Rxf4 gxf4 41. Kxf4 Kxc5 42. g4 Kb5 43. h5 a4 44. g5 c5 45. Ke3 c4 0-1

[Event "XXVIII Festival A"]
[Site "Arco ITA"]
[Date "2006.10.24"]
[Round "4"]
[White "Lupini, Stefano"]
[Black "Vink, Wim"]
[Result "0-1"]
[WhiteElo "1790"]
[BlackElo "2118"]
[PlyCount "104"]
[EventDate "2006.10.21"]

1. d4 Nf6 2. c4 e6 3. Nc3 d5 4. cxd5 exd5 5. Bg5 Be7 6. Qc2 c6 7. e3 Be6 8. Bd3
Nbd7 9. Nge2 h6 10. Bh4 Nb6 11. O-O O-O 12. f3 Re8 13. Bf2 Rc8 14. e4 dxe4 15.
fxe4 Ng4 16. Nf4 Nxf2 17. Nxe6 Nh3+ 18. gxh3 fxe6 19. Ne2 c5 20. e5 Bg5 21.
Bh7+ Kh8 22. Rf7 Be3+ 23. Kg2 cxd4 24. Qg6 Qg5+ 25. Qxg5 hxg5 26. Bd3 Nc4 27.
Bxc4 Rxc4 28. Kf3 Rb4 29. b3 Kg8 30. Rd7 Rf8+ 31. Ke4 Rf2 32. Kd3 Rxh2 33. Rf1
Rf2 34. Rxf2 Bxf2 35. Nxd4 Bxd4 36. Rxd4 Rxd4+ 37. Kxd4 b6 38. b4 Kf7 39. a3
Kg6 40. Kc4 Kh5 41. Kb5 Kh4 42. Ka6 Kxh3 43. Kxa7 g4 44. Kxb6 g3 45. a4 g2 46.
a5 g1=Q+ 47. Kb7 Qb1 48. a6 Qxb4+ 49. Ka8 Qe4+ 50. Kb8 Qxe5+ 51. Ka8 Qa5 52. a7
g5 0-1

[Event "XXVIII Festival A"]
[Site "Arco ITA"]
[Date "2006.10.24"]
[Round "4"]
[White "Marson, Antonio"]
[Black "Rossi, Paolo"]
[Result "1/2-1/2"]
[WhiteElo "1864"]
[BlackElo "1790"]
[PlyCount "23"]
[EventDate "2006.10.21"]

1. d4 d5 2. Bf4 Bf5 3. e3 Nf6 4. h3 e6 5. Nf3 Bd6 6. Be5 Bxe5 7. Nxe5 Nbd7 8.
Nxd7 Qxd7 9. Nd2 O-O 10. Nf3 h6 11. Ne5 Qe7 12. c3 1/2-1/2

[Event "XXVIII Festival A"]
[Site "Arco ITA"]
[Date "2006.10.24"]
[Round "4"]
[White "Mercandelli, Claudio"]
[Black "La Manna, Francesco"]
[Result "0-1"]
[WhiteElo "2020"]
[BlackElo "2119"]
[PlyCount "45"]
[EventDate "2006.10.21"]

1. c4 e5 2. g3 d6 3. Bg2 Be7 4. d4 exd4 5. Nf3 c5 6. e3 dxe3 7. Bxe3 Nc6 8. Nc3
Be6 9. Nd5 Nf6 10. Nxe7 Qxe7 11. O-O Bxc4 12. Re1 Be6 13. Rc1 O-O 14. Ng5 Rfe8
15. Nxe6 fxe6 16. Qb3 Rac8 17. h3 b6 18. f4 d5 19. f5 exf5 20. Bxc5 Qd7 21. Be3
Kh8 22. Red1 Na5 23. Rxc8 0-1

[Event "XXVIII Festival A"]
[Site "Arco ITA"]
[Date "2006.10.24"]
[Round "4"]
[White "Mihajlova, Diana"]
[Black "Kern, Beat"]
[Result "0-1"]
[WhiteElo "1749"]
[BlackElo "1733"]
[PlyCount "40"]
[EventDate "2006.10.21"]

1. e4 e5 2. Nf3 Nc6 3. Bc4 Bc5 4. Nc3 Nf6 5. d3 h6 6. O-O O-O 7. Nh4 d6 8. Nf5
Bxf5 9. exf5 d5 10. Bb3 Nd4 11. Re1 Nxb3 12. axb3 Re8 13. Qf3 c6 14. Ne2 e4 15.
Qg3 exd3 16. Bxh6 Bxf2+ 17. Qxf2 Ng4 18. Qg3 Nxh6 19. Qxd3 Qh4 20. Ra4 Qxe1#
0-1

[Event "XXVIII Festival A"]
[Site "Arco ITA"]
[Date "2006.10.24"]
[Round "4"]
[White "Moratto, Davide"]
[Black "Bozzao, Francesco"]
[Result "1/2-1/2"]
[WhiteElo "1831"]
[BlackElo "1972"]
[PlyCount "67"]
[EventDate "2006.10.21"]

1. e4 c5 2. b3 Nc6 3. Bb2 d6 4. Bb5 Qb6 5. Nc3 Bd7 6. Nd5 Qd8 7. f4 e6 8. Bxc6
Bxc6 9. Nc3 Nf6 10. Qe2 Be7 11. Nf3 a6 12. O-O O-O 13. Rae1 b5 14. d3 Qb6 15.
Kh1 b4 16. Nd1 Qa5 17. Bxf6 Bxf6 18. e5 Be7 19. exd6 Bxd6 20. Ne5 Bb7 21. Nf2
Bxe5 22. Qxe5 Rad8 23. Re3 Rd5 24. Qa1 Qc7 25. Ne4 Rf5 26. Ref3 e5 27. fxe5
Rxe5 28. Rf5 Rxf5 29. Rxf5 Bxe4 30. dxe4 Re8 31. Qf1 Rxe4 32. Qxa6 Re1+ 33. Rf1
Rxf1+ 34. Qxf1 1/2-1/2

[Event "XXVIII Festival A"]
[Site "Arco ITA"]
[Date "2006.10.24"]
[Round "4"]
[White "Moro, Roberto"]
[Black "Dalla Vecchia, Paolo"]
[Result "1/2-1/2"]
[WhiteElo "1670"]
[BlackElo "1802"]
[PlyCount "53"]
[EventDate "2006.10.21"]

1. e4 e5 2. f4 exf4 3. Nf3 g5 4. Bc4 d6 5. O-O Nc6 6. d4 Bg4 7. Bb5 a6 8. Bxc6+
bxc6 9. b3 Bg7 10. Bb2 c5 11. c3 cxd4 12. cxd4 Ne7 13. Qd3 Bd7 14. a4 Ng6 15.
Nc3 Rb8 16. Nd2 Bc8 17. Ne2 O-O 18. g3 c5 19. gxf4 cxd4 20. Bxd4 Nxf4 21. Nxf4
Bxd4+ 22. Qxd4 gxf4 23. Kh1 f6 24. Rxf4 Be6 25. Raf1 Kg7 26. Rg1+ Kh8 27. Rgf1
1/2-1/2

[Event "XXVIII Festival A"]
[Site "Arco ITA"]
[Date "2006.10.24"]
[Round "4"]
[White "Murli, Almerico"]
[Black "Giuriato, Sergio"]
[Result "1/2-1/2"]
[WhiteElo "1889"]
[BlackElo "2013"]
[PlyCount "57"]
[EventDate "2006.10.21"]

1. e4 Nc6 2. Nf3 e5 3. d4 exd4 4. Nxd4 Nf6 5. Nxc6 bxc6 6. e5 Qe7 7. Qe2 Nd5 8.
c4 Ba6 9. b3 O-O-O 10. Bb2 Kb8 11. a3 Nf4 12. Qe4 Ne6 13. Be2 g5 14. O-O h5 15.
Nd2 Bg7 16. b4 Rde8 17. Rfe1 g4 18. Bf1 c5 19. bxc5 Nxc5 20. Qc2 Ka8 21. Ne4
Nxe4 22. Qxe4+ Bb7 23. Qe3 Bh6 24. Qd4 Rhg8 25. Bd3 c5 26. Qd6 Qxd6 27. exd6
Bf4 28. Bh7 Rxe1+ 29. Rxe1 1/2-1/2

[Event "XXVIII Festival A"]
[Site "Arco ITA"]
[Date "2006.10.24"]
[Round "4"]
[White "Perich, Stefano"]
[Black "Savarese, Vincenzo"]
[Result "1-0"]
[WhiteElo "1998"]
[BlackElo "1865"]
[PlyCount "69"]
[EventDate "2006.10.21"]

1. d4 d5 2. Nf3 Nf6 3. c3 c5 4. Bf4 e6 5. e3 Nc6 6. Be2 Qb6 7. Qb3 Be7 8. h3
O-O 9. Nbd2 cxd4 10. exd4 Na5 11. Qxb6 axb6 12. O-O Bd7 13. Bc7 Nc4 14. Nxc4
dxc4 15. Bxb6 Rfc8 16. Ne5 Ra6 17. Bc5 Bxc5 18. dxc5 Rxc5 19. Nxc4 Bb5 20. b3
Nd5 21. Rfc1 Ra8 22. Bf1 Rac8 23. Nd6 Bxf1 24. Nxc8 Bxg2 25. Kxg2 Rxc8 26. c4
Nf4+ 27. Kh2 Nd3 28. Rc2 e5 29. Rd1 Nc5 30. Rcd2 Ne6 31. Rd7 b5 32. cxb5 g6 33.
b6 Nd4 34. b7 Rb8 35. Rc1 1-0

[Event "XXVIII Festival A"]
[Site "Arco ITA"]
[Date "2006.10.24"]
[Round "4"]
[White "Pieri, Enzo"]
[Black "Tocco, Paolo"]
[Result "0-1"]
[WhiteElo "1931"]
[BlackElo "2141"]
[PlyCount "62"]
[EventDate "2006.10.21"]

1. e4 e5 2. Nf3 Nc6 3. Bb5 Nge7 4. d4 exd4 5. Nxd4 Nxd4 6. Qxd4 a6 7. Bc4 b5 8.
Bb3 d6 9. c4 Be6 10. Qd3 b4 11. O-O Ng6 12. f4 Bd7 13. Nd2 Be7 14. Nf3 O-O 15.
f5 Ne5 16. Nxe5 dxe5 17. Be3 Bc6 18. Qc2 a5 19. Rad1 Qe8 20. f6 Bxf6 21. Rxf6
gxf6 22. Bh6 Qe7 23. Bxf8 Kxf8 24. c5 Rd8 25. Rxd8+ Qxd8 26. Qc4 Qd7 27. Bc2
Qd2 28. Kf1 Qc1+ 29. Ke2 Qxb2 30. Kd3 Qc1 31. Bb3 Bb5 0-1

[Event "XXVIII Festival A"]
[Site "Arco ITA"]
[Date "2006.10.24"]
[Round "4"]
[White "Poletti, Fausto"]
[Black "Pipitone, Antonio"]
[Result "1-0"]
[WhiteElo "2053"]
[BlackElo "1978"]
[PlyCount "80"]
[EventDate "2006.10.21"]

1. Nf3 Nf6 2. g3 g6 3. Bg2 Bg7 4. c4 d6 5. Nc3 e5 6. d3 O-O 7. O-O c6 8. Rb1
Re8 9. Ng5 d5 10. cxd5 cxd5 11. e4 h6 12. Nh3 d4 13. Nd5 Nxd5 14. exd5 Bxh3 15.
Bxh3 Qxd5 16. Bg2 Qd7 17. Qb3 Nc6 18. f4 Rad8 19. Bd2 exf4 20. Rxf4 Re2 21.
Rbf1 Rxd2 22. Rxf7 Rxg2+ 23. Kxg2 Qd5+ 24. Qxd5 Rxd5 25. Rxb7 Be5 26. Rc1 Rd6
27. b4 a6 28. a4 Nd8 29. Rc8 Kf8 30. Ra8 Ke8 31. b5 axb5 32. Rxb5 Bf6 33. a5
Kd7 34. Ra7+ Ke6 35. Kf3 Nc6 36. Ra8 Rd7 37. Rb6 Kd5 38. a6 Be5 39. Rc8 Rf7+
40. Kg2 Na7 1-0

[Event "XXVIII Festival A"]
[Site "Arco ITA"]
[Date "2006.10.24"]
[Round "4"]
[White "Rametta, Marcello"]
[Black "Barlotti, Gabriele"]
[Result "1/2-1/2"]
[WhiteElo "1780"]
[BlackElo "1676"]
[PlyCount "21"]
[EventDate "2006.10.21"]

1. e4 c5 2. Bc4 d6 3. Nf3 Nf6 4. d3 e6 5. Bg5 Be7 6. Nbd2 Nbd7 7. a3 a6 8. Qe2
b5 9. Ba2 Bb7 10. O-O-O O-O 11. h4 1/2-1/2

[Event "XXVIII Festival A"]
[Site "Arco ITA"]
[Date "2006.10.24"]
[Round "4"]
[White "Romagnoli, Roberto"]
[Black "Pivovarov, Michail"]
[Result "0-1"]
[WhiteElo "2138"]
[BlackElo "1891"]
[PlyCount "150"]
[EventDate "2006.10.21"]

1. c4 Nf6 2. Nc3 e6 3. Nf3 b6 4. g3 Bb7 5. Bg2 Be7 6. O-O O-O 7. d3 a5 8. a3
Na6 9. Nd4 Bxg2 10. Kxg2 Nc5 11. e4 Ne8 12. f4 c6 13. Be3 Qc7 14. Rc1 a4 15.
Re1 Bf6 16. e5 Be7 17. Bf2 f6 18. Nf3 f5 19. Bxc5 bxc5 20. Nxa4 g6 21. Nc3 Ng7
22. Qd2 Rfb8 23. Rb1 Rb3 24. Red1 Qb7 25. Qc2 Rb8 26. Rd2 Bd8 27. Nb5 Ba5 28.
Rdd1 Rxb5 29. cxb5 Qxb5 30. Qc4 Ne8 31. Rdc1 Bb6 32. Qxb5 cxb5 33. b4 cxb4 34.
Rxb4 Ba5 35. Rb3 Nc7 36. Rcb1 Bb6 37. a4 Be3 38. axb5 Bb6 39. h4 Nd5 40. d4 Rc8
41. R1b2 Rc7 42. Rd3 Rc4 43. Nd2 Ra4 44. Nf3 Rc4 45. Kh3 Kf7 46. Rdd2 Rc3 47.
Ng1 Nxf4+ 48. Kh2 Nd5 49. Ne2 Rc4 50. Nf4 Ne3 51. Rd3 Nc2 52. d5 Nd4 53. dxe6+
dxe6 54. Rbd2 h6 55. Ne2 Nxe2 56. Rxe2 Rb4 57. Rd7+ Ke8 58. Rh7 Rxb5 59. Ra2
Ba5 60. Rc2 Kd8 61. Rxh6 Rxe5 62. Rxg6 Ke7 63. h5 f4 64. Kg2 fxg3 65. Rc6 Be1
66. Rc7+ Kd6 67. Rc2 Rxh5 68. Re2 Rh2+ 69. Kf1 Rxe2 70. Kxe2 Bf2 71. Kd3 Ke5
72. Rg8 Kf4 73. Ke2 e5 74. Rg7 Bd4 75. Rg8 e4 0-1

[Event "XXVIII Festival A"]
[Site "Arco ITA"]
[Date "2006.10.24"]
[Round "4"]
[White "Salati, Paolo"]
[Black "Cardili, Mariano"]
[Result "0-1"]
[WhiteElo "1921"]
[BlackElo "2079"]
[PlyCount "118"]
[EventDate "2006.10.21"]

1. e4 e6 2. Qe2 c5 3. f4 Nc6 4. Nf3 d5 5. exd5 Qxd5 6. Nc3 Qd8 7. d3 Nf6 8. g3
Be7 9. Bg2 O-O 10. O-O Qb6 11. Kh1 Nd4 12. Nxd4 cxd4 13. Ne4 Nxe4 14. Qxe4 Bf6
15. b3 Rb8 16. Ba3 Re8 17. Bb2 Bd7 18. Rae1 Bc6 19. Qe2 Bxg2+ 20. Qxg2 Rbc8 21.
Re2 Rc6 22. Rfe1 Rec8 23. a4 Qc7 24. Rc1 a6 25. Qf2 Qd7 26. Qg2 b5 27. axb5
axb5 28. Ra1 Qc7 29. Qf2 Qb6 30. Qg2 h6 31. Qf2 Qb7 32. Kg1 Qb6 33. Kh1 Kh8 34.
Kg1 g6 35. Kh1 Bg7 36. Kg1 Rd8 37. Re4 Kh7 38. Kh1 Qc5 39. Re2 Rd7 40. Kg1 Rd8
41. Kh1 f6 42. Qe1 Rdc8 43. Kg1 e5 44. fxe5 fxe5 45. Rf2 Qd5 46. Rc1 h5 47. Re2
R8c7 48. h3 Qf3 49. Qf2 Qxf2+ 50. Rxf2 Bh6 51. Re2 Bxc1 52. Bxc1 Rxc2 53. Rxc2
Rxc2 54. Ba3 Rc3 55. Bd6 Rxb3 56. Bxe5 Rxd3 57. Kf2 b4 58. Ke2 Re3+ 59. Kd2
Rxe5 0-1

[Event "XXVIII Festival A"]
[Site "Arco ITA"]
[Date "2006.10.24"]
[Round "4"]
[White "Salvador, Roland"]
[Black "Drasko, Milan"]
[Result "1/2-1/2"]
[WhiteElo "2455"]
[BlackElo "2547"]
[PlyCount "20"]
[EventDate "2006.10.21"]

1. d4 e6 2. c4 Nf6 3. Nf3 Bb4+ 4. Bd2 c5 5. Bxb4 cxb4 6. g3 d6 7. Bg2 O-O 8.
O-O Nc6 9. a3 bxa3 10. Rxa3 e5 1/2-1/2

[Event "XXVIII Festival A"]
[Site "Arco ITA"]
[Date "2006.10.24"]
[Round "4"]
[White "Schrott, Ernst"]
[Black "Schaefer, Michael"]
[Result "1/2-1/2"]
[WhiteElo "2070"]
[BlackElo "2199"]
[PlyCount "83"]
[EventDate "2006.10.21"]

1. e4 c5 2. Nf3 d6 3. d4 cxd4 4. Nxd4 Nf6 5. Nc3 Nc6 6. Be2 e6 7. O-O Be7 8.
Kh1 Bd7 9. Ndb5 Qb8 10. Bf4 Ne5 11. Bg5 a6 12. Bxf6 gxf6 13. Nd4 b5 14. f4 b4
15. Nd5 exd5 16. fxe5 dxe5 17. Nf5 Bxf5 18. Rxf5 d4 19. Bc4 Qc7 20. Bb3 Rg8 21.
Qh5 Rg7 22. Qh6 Kf8 23. Raf1 Kg8 24. R1f3 Qc6 25. Rxe5 d3 26. Rxd3 Bf8 27. Red5
Rxg2 28. Qh4 Rg7 29. Rg3 Re8 30. Rxg7+ Bxg7 31. Qg4 h6 32. Qd7 Qxd7 33. Rxd7
Rxe4 34. Rxf7 Kh7 35. Ra7 f5 36. Kg2 Kg6 37. Rxa6+ Kg5 38. Kf3 Bxb2 39. Ra8
Rf4+ 40. Kg3 Rg4+ 41. Kf3 Rf4+ 42. Kg3 1/2-1/2

[Event "XXVIII Festival A"]
[Site "Arco ITA"]
[Date "2006.10.24"]
[Round "4"]
[White "Shaw, John Kerr"]
[Black "Aagaard, Jacob"]
[Result "1/2-1/2"]
[WhiteElo "2473"]
[BlackElo "2464"]
[PlyCount "27"]
[EventDate "2006.10.21"]

1. d4 Nf6 2. c4 e6 3. Nc3 Bb4 4. e3 O-O 5. Nf3 d5 6. Bd3 c5 7. O-O cxd4 8. exd4
dxc4 9. Bxc4 b6 10. Bg5 Bb7 11. Re1 Nbd7 12. Rc1 Rc8 13. Bd3 Bxc3 14. bxc3
1/2-1/2